• 首页
  • 本馆介绍
  • 公告通知
  • 最新文献
  • 馆藏检索
  • 电子资源
  • 读者导购
  • 参考咨询
  • 我的图书馆
  • 登录
  • 详细信息显示
  • 放入我的书架
  • 预约/预借图书
  • 作者相关作品
  • 分类相关作品
  • 丛书相关作品
  • 出版社相关作品

书目信息

  • 表格格式
  • 工作单格式
  • 卡片格式
题名:
综合布线
    
 
作者: 杜思深 主编
分册:  
出版信息: 北京   清华大学出版社  2010
页数: 343页
开本: 26cm
丛书名:
单 册:
中图分类: TU855
科图分类:
主题词: 智能建筑--布线--高等教育--教材 , 智能建筑 , 布线
电子资源:
ISBN: 978-7-302-22811-0
000 00927nam0 2200289 450
001 004639219
005 20110224092607.64
010    @a978-7-302-22811-0@dCNY34.00
035    @a004639219
100    @a20100705d2010 em y0chiy0110 ea
101 0  @achi
102    @aCN@b110000
105    @aa z 000yy
106    @ar
200 1  @a综合布线@9zong he bu xian@f杜思深主编
205    @a2版
210    @a北京@c清华大学出版社@d2010
215    @a343页@c图@d26cm
300    @a新世纪高职高专实用规划教材 网络与通信系列
330    @a全书共分八章,分别从布线标准、常用布线器材特点、布线工程设计、布线系统工程施工、工程测试与验收、综合布线案例和综合布线常见问题解答等几个方面来介绍综合布线。
606 0  @a智能建筑@x布线@x高等教育@j教材
606 0  @a智能建筑
606 0  @a布线
690    @aTU855@v4
701  0 @a杜思深@9du si shen@4主编
801  0 @aCN@bNLC@c20110224
905    @b205991514-550@h599151-55@dTU855@e542=2@f5
    
    综合布线/杜思深主编.-2版.-北京:清华大学出版社,2010
    343页:图;26cm
    新世纪高职高专实用规划教材 网络与通信系列
    
    ISBN 978-7-302-22811-0:CNY34.00
    全书共分八章,分别从布线标准、常用布线器材特点、布线工程设计、布线系统工程施工、工程测试与验收、综合布线案例和综合布线常见问题解答等几个方面来介绍综合布线。
●
相关链接 在E读中查询图书 在五车中查询图书 在当当中查询图书 在豆瓣中查询图书


正题名:综合布线     索取号:TU855/542=2         预约/预借

序号 登录号 条形码 馆藏地/架位号 状态 备注
1 599151   205991514   第二样本阅览室/ [索取号:TU855/542=2] 在馆    
2 599152   205991523   第三借阅区/ [索取号:TU855/542=2] 在馆    
3 599153   205991532   第三借阅区/ [索取号:TU855/542=2] 在馆    
4 599154   205991541   计算机科学系资料室/ [索取号:TU855/542=2] 在馆    
5 599155   205991550   第三借阅区/ [索取号:TU855/542=2] 在馆    
唐山师范学院图书馆 欢迎您!
大连网信软件有限公司© 版权所有